000 00602nam a2200217Ia 4500
005 20240215110409.0
008 140110s9999 xx 000 0 und d
020 _a9789381136379
_cRs.960.00
040 _aLoreto College
041 _aEnglish
082 _a352.14
_bPRA
100 _aPrasad,Rakesh
245 _aPanchayati raj in action
_cRakesh Prasad
260 _aDelhi
_bAbhijeet Publications
_c2011
300 _avi,304p
504 _aIncludes bibliographical references and index
650 _aLocal government-India
651 _aPanchayati raj,India
850 _aLCLIB
942 _cBK
999 _c37604
_d88083